Sekvenčné elektrochemické stanovenie dusitanov a dusičnanov

Saved in:
Bibliographic Details
Main Author: Krettová, Miriam (Author)
Other Authors: Čacho, František (Thesis advisor)
Format: Manuscript Book
Language:Slovak
Published: 2024
Subjects:
Online Access:http://is.stuba.sk/zp/portal_zp.pl?podrobnosti=176580
Tags: Add Tag
No Tags, Be the first to tag this record!

MARC

LEADER 00000ntm a22000003a 4500
001 stuzp98575
003 SK-STU
005 20240601210356.8
007 ta
008 150427s2015----xo-----f-mn---000-0-slo-d
040 |a STU  |b slo 
041 0 |a slo 
100 1 |a Krettová, Miriam  |u 041000  |4 aut  |U FCHPT Fakulta chemickej a potravinárskej technológie  |T FCHPT Ústav analytickej chémie  |X 91935  |U C1000  |Y 99  |7 91935 
242 0 1 |a Sequential Electrochemical Determination of Nitrites and Nitrates  |y eng 
245 1 0 |a Sekvenčné elektrochemické stanovenie dusitanov a dusičnanov 
260 |c 2024 
650 4 |a dusitany  |2 slo 
650 4 |a dusičnany  |2 slo 
650 4 |a chronopotenciometria  |2 slo 
650 4 |a analýza vôd  |2 slo 
650 4 |a nitrites  |2 eng 
650 4 |a nitrates  |2 eng 
650 4 |a water analysis  |2 eng 
650 4 |a chronopotentiometry  |2 eng 
700 1 |a Čacho, František  |u 041000  |k Z1  |4 ths  |U FCHPT Fakulta chemickej a potravinárskej technológie  |T FCHPT Ústav analytickej chémie  |X 19738  |U C1000  |Y 99  |7 A0000019738 
856 4 |u http://is.stuba.sk/zp/portal_zp.pl?podrobnosti=176580